<?xml version="1.0" encoding="UTF-8"?>
<record
    xmlns:xsi="http://www.w3.org/2001/XMLSchema-instance"
    xsi:schemaLocation="http://www.loc.gov/MARC21/slim http://www.loc.gov/standards/marcxml/schema/MARC21slim.xsd"
    xmlns="http://www.loc.gov/MARC21/slim">

  <leader>01038nam a22002537a 4500</leader>
  <controlfield tag="005">20170123164151.0</controlfield>
  <datafield tag="010" ind1=" " ind2=" ">
    <subfield code="a">B-125120</subfield>
  </datafield>
  <datafield tag="020" ind1=" " ind2=" ">
    <subfield code="a">80.00</subfield>
    <subfield code="c">8172052960</subfield>
  </datafield>
  <datafield tag="035" ind1=" " ind2=" ">
    <subfield code="a">B-125120</subfield>
  </datafield>
  <datafield tag="037" ind1=" " ind2=" ">
    <subfield code="b">Cen Lib / Ret</subfield>
  </datafield>
  <datafield tag="040" ind1=" " ind2=" ">
    <subfield code="a">DPL</subfield>
    <subfield code="b">PN</subfield>
  </datafield>
  <datafield tag="082" ind1=" " ind2=" ">
    <subfield code="a">854</subfield>
    <subfield code="b">&#xA05;&#xA1C;&#xA40;&#xA24; </subfield>
  </datafield>
  <datafield tag="100" ind1=" " ind2=" ">
    <subfield code="a">&#xA05;&#xA1C;&#xA40;&#xA24; &#xA38;&#xA3F;&#xA70;&#xA18; &#xA1A;&#xA70;&#xA26;&#xA28; </subfield>
    <subfield code="9">126377</subfield>
  </datafield>
  <datafield tag="245" ind1=" " ind2=" ">
    <subfield code="a">&#xA1C;&#xA3F;&#xA70;&#xA26;&#xA17;&#xA40; &#xA26;&#xA47; &#xA2E;&#xA3F;&#xA24;&#xA4D;&#xA20;&#xA47; &#xA1A;&#xA38;&#xA3C;&#xA4D;&#xA2E;&#xA47;  /</subfield>
    <subfield code="c">&#xA05;&#xA1C;&#xA40;&#xA24; &#xA38;&#xA3F;&#xA70;&#xA18; &#xA1A;&#xA70;&#xA26;&#xA28; </subfield>
  </datafield>
  <datafield tag="246" ind1=" " ind2=" ">
    <subfield code="a">Zindgi de mitthe chashme : a collection of original essays /</subfield>
    <subfield code="b">by Ajit Singh Chandan </subfield>
  </datafield>
  <datafield tag="260" ind1=" " ind2=" ">
    <subfield code="a">&#xA05;&#xA70;&#xA2E;&#xA4D;&#xA30;&#xA3F;&#xA24;&#xA38;&#xA30; </subfield>
    <subfield code="b">&#xA38;&#xA3F;&#xA70;&#xA18; &#xA2C;&#xA4D;&#xA30;&#xA26;&#xA17;&#xA1C;&#xA3C;</subfield>
    <subfield code="c">2004</subfield>
  </datafield>
  <datafield tag="270" ind1=" " ind2=" ">
    <subfield code="a">SCO 223-24, &#xA15;&#xA40;&#xA24;&#xA40; &#xA15;&#xA70;&#xA1F;&#xA30; </subfield>
    <subfield code="b">&#xA05;&#xA70;&#xA2E;&#xA4D;&#xA30;&#xA3F;&#xA24;&#xA38;&#xA30; </subfield>
    <subfield code="e">143006</subfield>
  </datafield>
  <datafield tag="300" ind1=" " ind2=" ">
    <subfield code="a">127p.</subfield>
    <subfield code="c">23cm(Hb)</subfield>
  </datafield>
  <datafield tag="650" ind1=" " ind2=" ">
    <subfield code="a">&#xA38;&#xA3E;&#xA39;&#xA3F;&#xA24;  -- &#xA2A;&#xA70;&#xA1C;&#xA3E;&#xA2C;&#xA40; </subfield>
    <subfield code="9">126378</subfield>
  </datafield>
  <datafield tag="650" ind1=" " ind2=" ">
    <subfield code="a">&#xA2A;&#xA70;&#xA1C;&#xA3E;&#xA2C;&#xA40;- &#xA28;&#xA3F;&#xA2C;&#xA70;&#xA27; </subfield>
    <subfield code="9">126379</subfield>
  </datafield>
  <datafield tag="650" ind1=" " ind2=" ">
    <subfield code="a">Literature -- Punjabi </subfield>
    <subfield code="9">126380</subfield>
  </datafield>
  <datafield tag="650" ind1=" " ind2=" ">
    <subfield code="a">Punjabi - Essays</subfield>
    <subfield code="9">118968</subfield>
  </datafield>
  <datafield tag="942" ind1=" " ind2=" ">
    <subfield code="2">ddc</subfield>
    <subfield code="c">PN</subfield>
    <subfield code="h">854</subfield>
    <subfield code="m">&#xA05;&#xA1C;&#xA40;&#xA24; </subfield>
  </datafield>
  <datafield tag="999" ind1=" " ind2=" ">
    <subfield code="c">110366</subfield>
    <subfield code="d">110366</subfield>
  </datafield>
  <datafield tag="952" ind1=" " ind2=" ">
    <subfield code="0">0</subfield>
    <subfield code="1">0</subfield>
    <subfield code="4">0</subfield>
    <subfield code="7">0</subfield>
    <subfield code="a">L</subfield>
    <subfield code="b">L</subfield>
    <subfield code="d">2016-01-20</subfield>
    <subfield code="e">Cen Lib/Ret</subfield>
    <subfield code="g">80.00</subfield>
    <subfield code="l">0</subfield>
    <subfield code="o">854 &#xA05;&#xA1C;&#xA40;&#xA24;</subfield>
    <subfield code="p">B-125120</subfield>
    <subfield code="r">2016-01-20 00:00:00</subfield>
    <subfield code="t">1</subfield>
    <subfield code="v">80.00</subfield>
    <subfield code="w">2016-01-20</subfield>
    <subfield code="y">PN</subfield>
  </datafield>
</record>
